000
00296nam a22001217a 4500
008
160518b xxu||||| |||| 00| 0 eng d
020
_a
0553110454
020
_a
0553379623
041
_a
eng
080
_a
61
245
_a
Caring for your baby and young child;
_c
Steven P. Shelov;
942
_2
udc
_c
BK
999
_c
2209
_d
2209